Logo Biblioteca

La emperatriz de los etéreos / (Registro nro. 400)

Detalles MARC
000 -LEADER
fixed length control field 01292nam a22002177a 4500
003 - CONTROL NUMBER IDENTIFIER
control field OSt
005 - DATE AND TIME OF LATEST TRANSACTION
control field 20250930150243.0
008 - FIXED-LENGTH DATA ELEMENTS--GENERAL INFORMATION
fixed length control field 241213t2008 ag |||||r|||| 00| f spa d
020 ## - INTERNATIONAL STANDARD BOOK NUMBER
International Standard Book Number 978-958-704-674-8
040 ## - CATALOGING SOURCE
Transcribing agency AR-RoUNCS
Original cataloging agency AR-RoUNCS
080 ## - UNIVERSAL DECIMAL CLASSIFICATION NUMBER
Authority record control number or standard number 82-31(460)
100 1# - MAIN ENTRY--PERSONAL NAME
Personal name Gallego García, Laura,
Dates associated with a name 1977-
Relator term autor
245 13 - TITLE STATEMENT
Title La emperatriz de los etéreos /
Statement of responsibility, etc. Laura Gallego García.
250 ## - EDITION STATEMENT
Edition statement 1a ed.
260 ## - PUBLICATION, DISTRIBUTION, ETC.
Place of publication, distribution, etc. Buenos Aires :
Name of publisher, distributor, etc. Alfaguara,
Date of publication, distribution, etc. 2008.
520 3# - SUMMARY, ETC.
Summary, etc. Cuentan que más allá de los Montes de Hielo, más allá de la Ciudad de Cristal, habita la Emperatriz de los Etéreos en un deslumbrante palacio. Dicen que es tan bella que nadie puede mirarla sin perder la razón. Solo los más osados intentan llegar hasta ella.<br/><br/>Pero Bipa no cree en los cuentos de hadas. No le interesa nada más allá de las cuevas donde vive su gente. En cambio, su amigo Aer, el hijo del extranjero, parece que cada vez se aleja más de la realidad y va dejándose absorber por el brillo de la estrella azul... donde dicen que vive la Emperatriz de los Etéreos. ¿Por qué quiere partir si en el exterior solo hay hielo y, al parecer, lo único que se encuentra es la muerte?
650 #4 - SUBJECT ADDED ENTRY--TOPICAL TERM
Topical term or geographic name entry element LITERATURA
Geographic subdivision ESPAÑOLA
650 #4 - SUBJECT ADDED ENTRY--TOPICAL TERM
Topical term or geographic name entry element LITERATURA
Form subdivision JUVENIL
655 #4 - INDEX TERM--GENRE/FORM
Genre/form data or focus term NOVELA
942 ## - ADDED ENTRY ELEMENTS (KOHA)
Source of classification or shelving scheme Universal Decimal Classification
Koha item type Libro de préstamo a domicilio
Suppress in OPAC No
Existencias
Withdrawn status Lost status Source of classification or shelving scheme Damaged status Not for loan Collection Home library Current library Date acquired Source of acquisition Total checkouts Full call number Barcode Date last seen Price effective from Koha item type
    Universal Decimal Classification     Colección General Biblioteca Escuela de Ciencias Sociales Biblioteca Escuela de Ciencias Sociales 13/12/2024 Donación 2024   82-31(460) G166 001327 13/12/2024 13/12/2024 Libro de préstamo a domicilio
Biblioteca de la Escuela Preuniversitaria en Ciencias Sociales y Humanísticas.
Riobamba 250 bis.
CP 2000 - Rosario - Santa Fe
E-Mail: biblioteca@esociales.unr.edu.ar